书目信息 |
| 题名: |
生化反应过程模型化及计算机控制
|
|
| 作者: | 王树青 著 | |
| 分册: | ||
| 出版信息: | 杭州 浙江大学出版社 1998 |
|
| 页数: | 174页 | |
| 开本: | 26cm | |
| 丛书名: | 国家“九五”重点图书·现代控制工程丛书 | |
| 单 册: | ||
| 中图分类: | TQ927 | |
| 科图分类: | ||
| 主题词: | 发酵--化学工业 | |
| 电子资源: | ||
| ISBN: | 7-308-01982-9 | |
| 000 | 00704nam0 2200217 45 | |
| 001 | 0304230024 | |
| 005 | 20031219104109.7 | |
| 010 | @a7-308-01982-9@dCNY15.00 | |
| 100 | @a20030423d1998 km y0chiy0120 ea | |
| 101 | 0 | @achi |
| 105 | @a z 000yy | |
| 200 | 1 | @a生化反应过程模型化及计算机控制@ASheng Hua Fan Ying Guo Cheng Mo Xing Hua Ji Ji Suan Ji Kong Zhi@f王树青著@FWang Shu Qing Zhu |
| 210 | @a杭州@c浙江大学出版社@d1998 | |
| 215 | @a174页@d26cm | |
| 225 | @a国家“九五”重点图书·现代控制工程丛书 | |
| 410 | @12001 @a国家“九五”重点图书·现代控制工程丛书 | |
| 606 | 0 | @a发酵@x化学工业 |
| 690 | @aTQ927@v4 | |
| 701 | 0 | @a王树青@4著 |
| 801 | @aCN@bTSTC@c20030423 | |
| 905 | @b323151@dTQ927@e7@f1 | |
| 生化反应过程模型化及计算机控制/王树青著.-杭州:浙江大学出版社,1998 |
| 174页;26cm.-(国家“九五”重点图书·现代控制工程丛书) |
| ISBN 7-308-01982-9:CNY15.00 |
| ● |
| 相关链接 |
|
|
|
|
正题名:生化反应过程模型化及计算机控制
索取号:TQ927/7
 
预约/预借
| 序号 | 登录号 | 条形码 | 馆藏地/架位号 | 状态 | 备注 |
| 1 | 0323151 | 203231519 | 第二样本阅览室/ [索取号:TQ927/7] | 在馆 |